000 00307nam a22001337a 4500
008 181217b xxu||||| |||| 00| 0 eng d
020 _a1560534028
041 _aeng
080 _22nd
_a616.5
100 _a7
101 _aDER
245 _aDermatology Secrets in Color
_cFitzpatrick, J.E
942 _2udc
_cBK
999 _c53315
_d53315